Les 20 séries de bande dessinée les plus vendues au monde - Statistiques

Statistiques générales
  • Ce quiz a été pris 110 fois
  • Le résultat moyen est 5 sur 20
Statistiques - réponses
Nombre d'exemplaire vendu Titre % Correct
250 millions Les Aventures de Tintin
96%
393 millions Astérix
91%
516,6 millions One Piece
53%
300 millions Lucky Luke
48%
250 millions Naruto
47%
300 millions Dragon Ball
43%
120 millions Bleach
17%
250 millions Détective Conan
12%
150 millions Demon Slayer
11%
135 millions Garfield
11%
300 millions Peanuts
7%
300 millions Golgo 13
6%
170 millions Slam Dunk
5%
200 millions Bob et Bobette
4%
176 millions Black Jack
0%
150 millions Diabolik
0%
100 millions Amar Chitra Katha
0%
130 millions Oishinbo
0%
120 millions JoJo's Bizarre Adventure
0%
156,5 millions Kochira Katsushika-ku Kameari kōen-mae hashutsujo
0%
Aucun quiz correspondant
Distribution des résultats
% des personnes avec chaque résultat
Percentile par nombre de réponses
Votre historique - résultats
Vous n’avez pas pris ce quiz